LEADER 01464nam0 2200301 450 001 000028490 005 20110513095205.0 100 $a20110513d2011----km-y0itay50------ba 101 0 $aita 102 $aIT 105 $a----m-------- 200 1 $aPer un atlante storico-geografico delle istituzioni ecclesiastiche nella Basilicata in età contemporanea$bTesi di dottorato$fDottorando: Giuseppe Zafarone$gcoordinatore del dottorato: Aurelio Musi$gtutor: Francesco Sportelli 210 $a[Potenza]$d[2011] 215 $a258 p.$d30 cm. 328 1$aSul frontespizio: Università della Basilicata, Dottorato di ricerca in Storia dell'Europa mediterranea dall'antichità all'Età contemporanea, XXIII ciclo, a.a. 2009/2010 676 $a282.4577$v(22. ed.)$9Chiesa cattolica romana. Regione della Basilicata (Lucania) 686 $aM-STO/07$cStoria del cristianesimo e delle chiese 700 1$aZafarone,$bGiuseppe$0445210 801 0$aIT$bUniversità della Basilicata - B.I.A.$gRICA$2unimarc 912 $a000028490 996 $aPer un atlante storico-geografico delle istituzioni ecclesiastiche nella Basilicata in et? contemporanea$995417 997 $aUNIBAS BAS $aLETTERE CAT $aMDL$b30$c20110513$lBAS01$h0952 CAT $aBATCH$b00$c20180801$lBAS01$h1239 FMT Z30 -1$lBAS01$LBAS01$mBOOK$1BASA1$APolo Storico-Umanistico$2TDO$BTesi di Dottorato$3TDL/69$628493-10$528493-10$820110513$f98$FConsultazione all $aall $n0008659